<?xml version="1.0" encoding="UTF-8"?>
<marc:record xmlns:marc="http://www.loc.gov/MARC21/slim">
   <marc:leader>00000nam a2200000 a 4500</marc:leader>
   <marc:datafield ind1="1" ind2=" " tag="100">
      <marc:subfield code="a">Neuhaus, Nele</marc:subfield>
      <marc:subfield code="4">aut</marc:subfield>
      <marc:subfield code="e">Verfasser/-in</marc:subfield>
   </marc:datafield>
   <marc:datafield ind1="0" ind2="0" tag="245">
      <marc:subfield code="a">In ewiger Freundschaft</marc:subfield>
   </marc:datafield>
   <marc:datafield ind1="0" ind2="0" tag="245">
      <marc:subfield code="b">Kriminalroman</marc:subfield>
   </marc:datafield>
   <marc:datafield ind1="0" ind2="0" tag="245">
      <marc:subfield code="c">Neuhaus, Nele</marc:subfield>
   </marc:datafield>
   <marc:datafield ind1=" " ind2="1" tag="264">
      <marc:subfield code="a">Berlin</marc:subfield>
      <marc:subfield code="b">Ullstein Buchverlage GmbH</marc:subfield>
      <marc:subfield code="c">2021</marc:subfield>
   </marc:datafield>
   <marc:datafield ind1="1" ind2=" " tag="520">
      <marc:subfield code="a">Eine Frau wird vermisst, im Obergeschoss ihres Hauses in Bad Soden entdeckt die Polizei den dementen Vater, verwirrt und dehydriert. Und in der Küche Spuren eines Blutbads. Die Ermittlungen führen Pia Sander und Oliver von Bodenstein zum renommierten Frankfurter Literaturverlag Winterscheid, wo die Vermisste Programmleiterin war. Ihr wurde nach über dreißig Jahren gekündigt, woraufhin sie einen ihrer Autoren wegen Plagiats ans Messer lieferte. Ein Skandal und vielleicht ein Mordmotiv? Als die Leiche der Frau gefunden wird und ein weiterer Mord geschieht, stoßen Pia und Bodenstein auf ein gut gehütetes Geheimnis. Jedes der Opfer wusste davon. Es war ihr Todesurteil. Wer muss als nächstes sterben?</marc:subfield>
   </marc:datafield>
   <marc:datafield ind1=" " ind2=" " tag="020">
      <marc:subfield code="a">9783550081040</marc:subfield>
      <marc:subfield code="9">9783550081040</marc:subfield>
   </marc:datafield>
   <marc:datafield ind1=" " ind2=" " tag="020">
      <marc:subfield code="a">3550081049</marc:subfield>
      <marc:subfield code="9">3550081049</marc:subfield>
   </marc:datafield>
   <marc:datafield ind1=" " ind2=" " tag="041">
      <marc:subfield code="a">ger</marc:subfield>
   </marc:datafield>
   <marc:datafield ind1=" " ind2=" " tag="338">
      <marc:subfield code="a">Band</marc:subfield>
   </marc:datafield>
   <marc:datafield ind1=" " ind2=" " tag="300">
      <marc:subfield code="a">524 S.</marc:subfield>
   </marc:datafield>
</marc:record>
